00487nam a2200157 a 4500008004100000050002200041100002000063245005300083260003900136300001300175350000900188490004600197650005000243650001400293700002200307060608s2005 ||||||||||||||||| || u aIBRD(08)PRWP/3780 aSirtaine, Sophe13aAn analysis of the 2002 Uruguayan banking crisis aWashington, D. CbWorld Bankc2005 a33p.ill. a0.00 aWorld Bank policy research working papers aBANKING CRISIS--RESEARCH--ANALYSIS--URUGUAYAN 0aECONOMICS aDe La Plaza, Luis